[Event "31st ECC Women 2015"]
[Site "Skopje MKD"]
[Date "2015.10.20"]
[Round "3.3"]
[Board "4"]
[White "Balaian, Alina"]
[Black "Gueci, Laura"]
[Result "1-0"]
[WhiteTitle "WIM"]
[WhiteElo "2269"]
[BlackElo "2023"]
[WhiteTeam "SPB (RUS)"]
[BlackTeam "ASD CIRCOLO SCACCHI R.FISCHER CHIETI (IT"]
[WhiteFideId "24115347"]
[BlackFideId "851159"]
[EventDate "2015.10.18"]

1. e4 c5 2. Nf3 g6 3. d4 cxd4 4. Nxd4 Nc6 5. c4 Nf6 6. Nc3 Nxd4 7. Qxd4 d6 8.
Be2 Bg7 9. Be3 O-O 10. Qd2 Be6 11. Bd4 Qa5 12. Rd1 Rfc8 13. b3 a6 14. Qd3 Rab8
15. O-O Nd7 16. Bxg7 Kxg7 17. f4 Qc5+ 18. Kh1 b5 19. f5 Ne5 20. Qh3 Bd7 21. Nd5
Rf8 22. b4 Qa7 23. Nxe7 f6 24. cxb5 axb5 25. Rxd6 Qxa2 26. Qe3 Rf7 27. Nd5 Nc4
28. Bxc4 Qxc4 29. Rc1 Qa2 30. Nxf6 Rxf6 31. Rxd7+ Kg8 32. Qg3 Re8 33. h4 Qb2 34.
Rcc7 Qxb4 35. Rg7+ Kf8 36. Rxh7 1-0

[Event "31st ECC Women 2015"]
[Site "Skopje MKD"]
[Date "2015.10.20"]
[Round "3.4"]
[Board "1"]
[White "Haast, Anne"]
[Black "Stetsko, Lanita"]
[Result "1-0"]
[WhiteTitle "WGM"]
[BlackTitle "FM"]
[WhiteElo "2384"]
[BlackElo "2278"]
[WhiteTeam "DE STUKKENJAGERS (NED)"]
[BlackTeam "BOSSA NOVA (BLR)"]
[WhiteFideId "1017292"]
[BlackFideId "13505300"]
[EventDate "2015.10.18"]
[EventType "team"]

1. e4 e5 2. Nf3 Nc6 3. Bb5 a6 4. Ba4 Nf6 5. O-O Be7 6. Re1 b5 7. Bb3 d6 8. c3
O-O 9. h3 Na5 10. Bc2 c5 11. d4 Nd7 12. Nbd2 exd4 13. cxd4 Nc6 14. e5 Nxd4 15.
Nxd4 cxd4 16. exd6 Bxd6 17. Ne4 Be5 18. Qd3 g6 19. Bh6 Re8 20. Bb3 Nf6 21. Nxf6+
Bxf6 22. Rxe8+ Qxe8 23. Qf3 Bf5 24. g4 Qe4 25. Bd5 Qxf3 26. Bxf3 Rd8 27. gxf5 g5
28. Kh1 Be7 29. Rg1 f6 30. h4 d3 31. hxg5 fxg5 32. Bxg5 Bxg5 33. Rxg5+ Kf7 34.
Bd1 Kf6 35. Rg3 Kxf5 36. Kg2 Ke4 37. Kf1 Rc8 38. Ke1 Rc1 39. Re3+ 1-0

[Event "31st ECC Women 2015"]
[Site "Skopje MKD"]
[Date "2015.10.20"]
[Round "3.4"]
[Board "2"]
[White "Popova, Natalija"]
[Black "De Jong-Muhren, Bianca"]
[Result "1/2-1/2"]
[WhiteTitle "WIM"]
[BlackTitle "WGM"]
[WhiteElo "2257"]
[BlackElo "2300"]
[WhiteTeam "BOSSA NOVA (BLR)"]
[BlackTeam "DE STUKKENJAGERS (NED)"]
[WhiteFideId "13500295"]
[BlackFideId "1008498"]
[EventDate "2015.10.18"]
[EventType "team"]

1. e4 c5 2. Nf3 e6 3. d4 cxd4 4. Nxd4 Nc6 5. Nc3 d6 6. Be2 Nf6 7. O-O Be7 8. Be3
O-O 9. f4 Qc7 10. Kh1 a6 11. a4 Re8 12. Bf3 Na5 13. Bf2 Bf8 14. Bh4 Nd7 15. Bh5
g6 16. f5 Ne5 17. Bf6 Nac4 18. Qc1 h6 19. Nce2 gxh5 20. Nf4 Ng4 21. Nxh5 exf5
22. h3 Rxe4 23. hxg4 Rxg4 24. b3 Ne5 25. Nxf5 Bxf5 26. Rxf5 Qc6 27. Qf1 Nd7 28.
Qe2 Qe4 29. Qxe4 Rxe4 30. Raf1 Rc8 31. c3 Rc5 32. Rxc5 Nxc5 33. b4 Nd7 34. g3
Re2 35. Bd4 Be7 36. Nf4 Rc2 37. Re1 Ne5 38. Nd5 Bg5 39. Bxe5 dxe5 40. Rxe5 Kg7
41. Re4 h5 42. a5 Kg6 43. Ne7+ Bxe7 44. Rxe7 f6 45. Rxb7 Kg5 46. Rb6 Rxc3 47.
Kg2 Rb3 48. Kf2 f5 49. Rxa6 Rxb4 50. Ra8 h4 51. Rg8+ Kf6 52. gxh4 Rxh4 53. Kf3 1/2-1/2

[Event "31st ECC Women 2015"]
[Site "Skopje MKD"]
[Date "2015.10.20"]
[Round "3.4"]
[Board "3"]
[White "Lanchava, Tea"]
[Black "Bogdan, Ekaterina"]
[Result "1-0"]
[WhiteTitle "IM"]
[WhiteElo "2276"]
[BlackElo "2064"]
[WhiteTeam "DE STUKKENJAGERS (NED)"]
[BlackTeam "BOSSA NOVA (BLR)"]
[WhiteFideId "1005308"]
[BlackFideId "13502638"]
[EventDate "2015.10.18"]
[EventType "team"]

1. c4 c5 2. b3 Nf6 3. Bb2 e6 4. e3 Be7 5. Nf3 O-O 6. d4 cxd4 7. exd4 d5 8. Bd3
b6 9. Nbd2 Bb7 10. Qc2 Nc6 11. a3 Rc8 12. Rc1 h6 13. O-O Qc7 14. Rfe1 Rfd8 15.
Qb1 dxc4 16. bxc4 Qb8 17. Qa1 Qa8 18. Bb1 Rc7 19. d5 exd5 20. cxd5 Rxd5 21. Ba2
Rc5 22. Rcd1 Qf8 23. Nh4 Kh8 24. Re3 Rh5 25. Ndf3 Ng4 26. Re4 Bc8 27. h3 Nf6 28.
Rf4 Kh7 29. g4 Rb5 30. Bb1+ Kg8 31. a4 Rb4 32. Rxb4 Nxb4 33. Be5 Rd7 34. Rxd7
Nxd7 35. Bd4 Nc5 36. Qc3 Nd5 37. Qc2 f5 38. Qc4 Be6 39. Bxf5 Qc8 40. Qxd5 Bxd5
41. Bxc8 Nxa4 42. Nf5 Bf8 43. Ne5 Bb4 44. Bd7 Bb3 45. Nc6 Bf8 46. Nxa7 g6 47.
Ne3 Nc5 48. Be8 Kh7 49. Nc8 Ne4 50. Nxb6 Ng5 51. Kg2 Ne6 52. Be5 Ng7 53. Bb5 Ba2
54. Nd7 Be7 55. f4 h5 56. Nf6+ Bxf6 57. Bxf6 hxg4 58. hxg4 Ne6 59. Kf3 Bb1 60.
Bc4 Nc5 61. Bd5 Nd3 62. Bc3 Nc5 63. g5 Bd3 64. Ng4 Nd7 65. Be6 1-0

[Event "31st ECC Women 2015"]
[Site "Skopje MKD"]
[Date "2015.10.20"]
[Round "3.4"]
[Board "4"]
[White "Kaliadzich, Maryia"]
[Black "Jap Tjoen San, Linda"]
[Result "0-1"]
[BlackTitle "WIM"]
[WhiteElo "2096"]
[BlackElo "2183"]
[WhiteTeam "BOSSA NOVA (BLR)"]
[BlackTeam "DE STUKKENJAGERS (NED)"]
[WhiteFideId "13500015"]
[BlackFideId "1004026"]
[EventDate "2015.10.18"]
[EventType "team"]

1. d4 Nf6 2. Nf3 g6 3. Bf4 Bg7 4. e3 d6 5. h3 c5 6. c3 Qb6 7. Qb3 Be6 8. Qxb6
axb6 9. a3 Nc6 10. Nbd2 O-O 11. Be2 h6 12. O-O Ra7 13. Rfe1 g5 14. Bh2 Nd7 15.
Bf1 Rfa8 16. Rad1 Ra5 17. Nc4 Bxc4 18. Bxc4 b5 19. Bd5 Ra4 20. dxc5 Nxc5 21. Nd4
R4a6 22. Nf5 Bf8 23. Bf3 Rb6 24. g4 Na4 25. Rd2 Na5 26. Rde2 Rc8 27. Nd4 Nc4 28.
b3 Nxc3 29. bxc4 Nxe2+ 30. Bxe2 bxc4 31. Rc1 c3 32. Nb5 Bg7 33. Bd3 Rc5 34. Nd4
Rb2 35. Kg2 Bxd4 36. exd4 Rc7 37. Kf3 Ra2 38. Ke3 Rxa3 39. Rc2 Ra1 40. f4 Re1+
41. Kf3 Rb1 42. fxg5 hxg5 43. Bg3 b5 44. Bf2 b4 45. Ra2 Rb2 46. Ra8+ Kg7 47. d5
Rxf2+ 48. Kxf2 c2 49. Bxc2 Rxc2+ 50. Kg3 Rc3+ 51. Kg2 Kf6 52. Rb8 b3 53. Rb7 Re3
54. Kh2 Rd3 55. Kg2 Rd2+ 56. Kg3 b2 57. Kf3 Rxd5 58. Rxb2 Rd3+ 59. Kg2 d5 60.
Rf2+ Ke6 61. Ra2 f6 62. Ra8 Rc3 63. Rd8 Ke5 64. Rd7 e6 65. Ra7 Rb3 66. Ra8 d4
67. Rc8 Rb5 68. Kf2 Rd5 69. Ra8 d3 70. Ke1 Kf4 71. Kd2 Kg3 72. Ra6 f5 73. Rxe6
f4 74. Rh6 Kg2 75. Rf6 f3 76. Ke3 d2 77. Rxf3 Rd3+ 0-1

[Event "31st ECC Women 2015"]
[Site "Skopje MKD"]
[Date "2015.10.20"]
[Round "3.5"]
[Board "1"]
[White "Dolzhikova, Olga"]
[Black "Efroimski, Marsel"]
[Result "1/2-1/2"]
[WhiteTitle "WGM"]
[BlackTitle "WIM"]
[WhiteElo "2143"]
[BlackElo "2255"]
[WhiteTeam "OSLO SCHAKSELSKAP (NOR)"]
[BlackTeam "RISHON LEZION (ISR)"]
[WhiteFideId "14105870"]
[BlackFideId "2810964"]
[EventDate "2015.10.18"]
[EventType "team"]

1. e4 c6 2. d4 d5 3. e5 c5 4. dxc5 Nc6 5. Bb5 e6 6. Be3 Ne7 7. Nf3 Bd7 8. Bxc6
Nxc6 9. c3 Qc7 10. Bd4 Nxd4 11. cxd4 b6 12. cxb6 Qxb6 13. Qb3 Qxb3 14. axb3 Bb4+
15. Nc3 O-O 16. Kd2 a5 17. Ne1 f6 18. exf6 Rxf6 19. Nd3 Rb8 20. f4 Be8 21. g3
Bg6 22. Rhc1 Rff8 23. Ne5 Rb7 24. Ke3 Bf7 25. Na4 Bd6 26. Rc3 Bxe5 27. dxe5 Rb4
28. Rd1 Rfb8 29. Nc5 Rc8 30. Rd4 Rb5 31. Na4 Rxc3+ 32. bxc3 Rxb3 33. Kd2 Rb1 34.
Ke2 Ra1 35. Nc5 Ra3 36. Ra4 Rxc3 37. Rxa5 h5 38. Kf2 d4 39. Nb7 Rc8 40. Kf3 Rc3+
41. Kf2 Rc2+ 42. Kf3 Bg6 43. Nd6 Rc3+ 44. Kf2 Bb1 45. Ra8+ Kh7 46. Ra4 Rc2+ 47.
Kf3 1/2-1/2

[Event "31st ECC Women 2015"]
[Site "Skopje MKD"]
[Date "2015.10.20"]
[Round "3.5"]
[Board "2"]
[White "Reprun, Nadejda"]
[Black "Reppen, Ellisiv"]
[Result "1-0"]
[WhiteElo "1969"]
[BlackElo "2050"]
[WhiteTeam "RISHON LEZION (ISR)"]
[BlackTeam "OSLO SCHAKSELSKAP (NOR)"]
[WhiteFideId "2806843"]
[BlackFideId "1504959"]
[EventDate "2015.10.18"]
[EventType "team"]

1. e4 e5 2. Nf3 Nc6 3. Bb5 a6 4. Ba4 Nf6 5. O-O b5 6. Bb3 Be7 7. Re1 d6 8. c3
O-O 9. h3 Na5 10. Bc2 c5 11. d4 Qc7 12. Nbd2 cxd4 13. cxd4 Bd7 14. Nf1 Rac8 15.
Ne3 Rfe8 16. b3 Nc6 17. Bb2 Bf8 18. Rc1 Qb8 19. Bb1 g6 20. Nd5 Bg7 21. Nxf6+
Bxf6 22. dxe5 Nxe5 23. Rxc8 Bxc8 24. Nxe5 dxe5 25. Qf3 Bg7 26. Rd1 Be6 27. Qd3
Bf8 28. f4 Bc5+ 29. Kh1 f6 30. fxe5 fxe5 31. Qc3 Bd6 32. Qc6 Bc7 33. Rc1 Re7 34.
Qxa6 Qd8 35. Qc6 Qd2 36. Qc2 Qf4 37. Ba3 Rf7 38. Rd1 Bb6 39. Bc1 Qg3 40. Qd3 Rd7
41. Qc2 Rxd1+ 42. Qxd1 Bd4 43. Qf1 g5 44. Bd3 g4 45. Bh6 Bf2 46. Bxb5 Qh4 47.
Bc4 Qxh6 48. Bxe6+ Qxe6 49. Qxf2 gxh3 50. Qg3+ Kf8 51. Qxh3 Qa6 52. Qf5+ Kg8 53.
Qxe5 Qh6+ 54. Kg1 Qe3+ 55. Kf1 Qc1+ 56. Kf2 Qd2+ 57. Kf3 Qd1+ 58. Kg3 Qe1+ 59.
Kg4 Qe2+ 60. Kh3 Qxa2 61. Qg3+ Kf8 62. e5 Qa6 63. Qf4+ Ke8 64. Qa4+ 1-0

[Event "31st ECC Women 2015"]
[Site "Skopje MKD"]
[Date "2015.10.20"]
[Round "3.5"]
[Board "3"]
[White "Tangelder, Yonne"]
[Black "Federovski, Adi"]
[Result "0-1"]
[WhiteElo "1904"]
[BlackElo "1913"]
[WhiteTeam "OSLO SCHAKSELSKAP (NOR)"]
[BlackTeam "RISHON LEZION (ISR)"]
[WhiteFideId "1513575"]
[BlackFideId "2813777"]
[EventDate "2015.10.18"]
[EventType "team"]

1. e4 d6 2. d4 Nf6 3. Nc3 g6 4. f4 Bg7 5. Bd3 Na6 6. Nf3 O-O 7. O-O c5 8. d5 Bg4
9. Kh1 Nc7 10. a4 a6 11. a5 Nb5 12. Qe1 Nxc3 13. bxc3 Bxf3 14. Rxf3 Rc8 15. Bc4
Qd7 16. f5 h6 17. Rg3 Kh7 18. Qe2 Rh8 19. Bd2 gxf5 20. exf5 Kg8 21. Re3 Kf8 22.
Qf3 h5 23. Ree1 Ng4 24. Bg5 Ne5 25. Qe2 Qxf5 26. Bh4 Qg4 27. Qe4 f5 28. Bxe7+
Kxe7 29. Qe3 Qxc4 30. Qg5+ Bf6 31. Qxf5 Qg4 32. Qf1 Rhf8 33. Rab1 Rc7 34. Qd3
Rg8 35. Qd2 Kd7 36. Qe2 Qxe2 37. Rxe2 h4 38. Rf2 Ke7 39. Rb6 Nc4 40. Re2+ Be5 0-1

[Event "31st ECC Women 2015"]
[Site "Skopje MKD"]
[Date "2015.10.20"]
[Round "3.5"]
[Board "4"]
[White "Vardi, Shlomit"]
[Black "Edakina, Anastasia"]
[Result "1-0"]
[WhiteElo "1906"]
[BlackElo "1736"]
[WhiteTeam "RISHON LEZION (ISR)"]
[BlackTeam "OSLO SCHAKSELSKAP (NOR)"]
[WhiteFideId "2801442"]
[BlackFideId "1507443"]
[EventDate "2015.10.18"]
[EventType "team"]

1. e4 c5 2. Nc3 Nc6 3. g3 g6 4. Bg2 Bg7 5. d3 d6 6. Nge2 e6 7. O-O Nge7 8. Be3
O-O 9. Qd2 Nd4 10. Nd1 Rb8 11. h3 b5 12. g4 Bb7 13. Ng3 Qb6 14. c3 Ndc6 15. h4
Ne5 16. f3 f5 17. Nf2 fxg4 18. Nxg4 Nxg4 19. fxg4 Rxf1+ 20. Rxf1 Rf8 21. Rxf8+
Bxf8 22. h5 Qc7 23. Qf2 Nc6 24. d4 Qf7 25. Qd2 Qc7 26. Kh2 Qe7 27. Bg5 Qf7 28.
h6 Be7 29. Be3 Qf6 30. g5 Qf7 31. Qe2 a6 32. Bh3 cxd4 33. cxd4 d5 34. Qg4 dxe4
35. Nxe4 Qf5 36. Qg2 Nd8 1-0

[Event "31st ECC Women 2015"]
[Site "Skopje MKD"]
[Date "2015.10.20"]
[Round "3.6"]
[Board "1"]
[White "Len, Irina"]
[Black "Srebrnic, Ana"]
[Result "0-1"]
[WhiteTitle "WFM"]
[BlackTitle "WGM"]
[WhiteElo "2127"]
[BlackElo "2234"]
[WhiteTeam "HEZLIYA CHESS CLUB (ISR)"]
[BlackTeam "MIDLAND MONARCHS (ENG)"]
[WhiteFideId "2805715"]
[BlackFideId "14603314"]
[EventDate "2015.10.18"]
[EventType "team"]

1. d4 Nf6 2. c4 g6 3. Nc3 Bg7 4. e4 d6 5. f3 O-O 6. Be3 e5 7. d5 c6 8. dxc6 bxc6
9. Qd2 Qc7 10. Nge2 Rd8 11. Rd1 Be6 12. Nc1 d5 13. exd5 cxd5 14. Nb5 Qe7 15. b4
d4 16. Bg5 a5 17. a3 axb4 18. axb4 h6 19. Bh4 g5 20. Bg3 Nc6 21. c5 Nd5 22. Nd3
Ne3 23. Rb1 Bc4 24. Nd6 Ra2 25. Nxc4 Rxd2 26. Nxd2 Nc2+ 27. Kd1 Na3 28. Rb3 Nb5
29. Kc2 Ra8 30. Ne4 f5 31. Nd2 e4 32. Be2 Ra2+ 33. Kc1 Ra1+ 34. Nb1 Nc3 35. Re1
Qf7 36. Rb2 Nxb1 37. b5 Na3+ 0-1

[Event "31st ECC Women 2015"]
[Site "Skopje MKD"]
[Date "2015.10.20"]
[Round "3.6"]
[Board "2"]
[White "Chevannes, Sabrina L"]
[Black "Yakovleva, Tatiana"]
[Result "1-0"]
[WhiteTitle "WIM"]
[WhiteElo "2081"]
[BlackElo "1966"]
[WhiteTeam "MIDLAND MONARCHS (ENG)"]
[BlackTeam "HEZLIYA CHESS CLUB (ISR)"]
[WhiteFideId "411280"]
[BlackFideId "2802449"]
[EventDate "2015.10.18"]
[EventType "team"]

1. e4 c6 2. c4 d5 3. cxd5 cxd5 4. exd5 Nf6 5. Bb5+ Bd7 6. Bc4 b5 7. Bb3 a5 8. a3
Na6 9. d4 a4 10. Ba2 b4 11. Bc4 b3 12. Qe2 Qb6 13. Nf3 Nc7 14. Nc3 Bg4 15. O-O
e6 16. dxe6 fxe6 17. d5 Be7 18. Be3 Bc5 19. d6 1-0

[Event "31st ECC Women 2015"]
[Site "Skopje MKD"]
[Date "2015.10.20"]
[Round "3.6"]
[Board "3"]
[White "Haitovich, Avital"]
[Black "Manelidou, Maria"]
[Result "1-0"]
[WhiteElo "1929"]
[BlackElo "2074"]
[WhiteTeam "HEZLIYA CHESS CLUB (ISR)"]
[BlackTeam "MIDLAND MONARCHS (ENG)"]
[WhiteFideId "2800306"]
[BlackFideId "4212240"]
[EventDate "2015.10.18"]
[EventType "team"]

1. e4 e5 2. Nf3 Nc6 3. Bb5 Nge7 4. c3 g6 5. O-O Bg7 6. d4 exd4 7. cxd4 a6 8. Ba4
O-O 9. d5 Na5 10. d6 cxd6 11. Qxd6 b5 12. Bb3 Nxb3 13. axb3 Bb7 14. Re1 h6 15.
Nc3 Nc8 16. Qg3 Re8 17. Qh3 g5 18. Qh5 Qf6 19. Be3 Nd6 20. e5 Bxf3 21. exf6 Bxh5
22. fxg7 Re6 23. Nd5 Ne8 24. Bd4 f6 25. Rxe6 dxe6 26. Nxf6+ Nxf6 27. Bxf6 Kf7
28. Be5 Rc8 29. f3 Ra8 30. b4 Kg8 31. Kf2 Bf7 32. Ke3 Kh7 33. g3 Kg6 34. g4 Bg8
35. f4 Ra7 36. fxg5 hxg5 37. Rf1 a5 38. bxa5 Rxa5 39. Rf8 Kh7 40. Bc3 Ra4 41.
Kf3 Rc4 42. h4 Rc5 43. hxg5 Rxg5 44. Kf4 Rc5 45. g5 e5+ 46. Bxe5 Rc6 47. Rb8 Ra6
48. Rxb5 Ra1 49. Rb6 Rf1+ 50. Kg4 Rg1+ 51. Kh4 Rh1+ 52. Kg4 Rg1+ 53. Kf5 Rf1+
54. Ke4 Re1+ 55. Kd4 Rd1+ 56. Kc3 Rh1 57. Rb8 Rg1 58. Bf6 1-0

[Event "31st ECC Women 2015"]
[Site "Skopje MKD"]
[Date "2015.10.20"]
[Round "3.6"]
[Board "4"]
[White "Keen, Cosima"]
[Black "Lian, Marina"]
[Result "1/2-1/2"]
[WhiteElo "1986"]
[BlackElo "1858"]
[WhiteTeam "MIDLAND MONARCHS (ENG)"]
[BlackTeam "HEZLIYA CHESS CLUB (ISR)"]
[WhiteFideId "423050"]
[BlackFideId "2809680"]
[EventDate "2015.10.18"]
[EventType "team"]

1. e4 e6 2. d4 d5 3. Nd2 c5 4. exd5 exd5 5. Ngf3 Nc6 6. Bb5 Bd6 7. dxc5 Bxc5 8.
Nb3 Bd6 9. O-O Ne7 10. Re1 O-O 11. c3 Bg4 12. Bd3 Ng6 13. Bxg6 hxg6 14. h3 Bf5
15. Nfd4 Be4 16. f3 Bf5 17. Nxf5 gxf5 18. Kh1 Qh4 19. Be3 Qg3 20. Bg1 Rfe8 21.
Re2 Rad8 22. Nd2 Bc7 23. Nf1 Qg5 24. Rxe8+ Rxe8 25. Qd3 Ne5 26. Qxd5 Ng6 27.
Qxb7 Re2 28. f4 Nxf4 29. g3 Qh5 30. h4 Nh3 31. Ne3 Bxg3 32. Qc8+ Kh7 33. Qxf5+
Qxf5 34. Nxf5 Be5 35. Nd4 Rxb2 36. a4 Kg6 37. Re1 Bd6 38. Nb5 Bb8 39. Re3 a6 40.
Nd4 Nxg1 41. Kxg1 Ra2 42. Nc6 Bd6 43. Re4 f5 44. Re6+ Kh5 45. Rxd6 Rxa4 46. Rd4
Ra3 47. c4 a5 48. c5 Rc3 49. Rd5 a4 50. Rxf5+ 1/2-1/2

[Event "31st ECC Women 2015"]
[Site "Skopje MKD"]
[Date "2015.10.21"]
[Round "4.1"]
[Board "3"]
[White "Javakhishvili, Lela"]
[Black "Mkrtchian, Lilit"]
[Result "1-0"]
[WhiteTitle "IM"]
[BlackTitle "IM"]
[WhiteElo "2463"]
[BlackElo "2445"]
[WhiteTeam "NONA (GEO)"]
[BlackTeam "UGRA (RUS)"]
[WhiteFideId "13601458"]
[BlackFideId "13300601"]
[EventDate "2015.10.18"]

1. d4 Nf6 2. c4 e6 3. Nf3 b6 4. g3 Bb7 5. Bg2 Be7 6. O-O O-O 7. Re1 Na6 8. Nc3
Ne4 9. Nxe4 Bxe4 10. Ne5 Bxg2 11. Kxg2 c6 12. e4 Qc7 13. Bf4 d6 14. Nf3 Qb7 15.
h4 Rfe8 16. h5 Nb8 17. e5 d5 18. cxd5 cxd5 19. Ng5 h6 20. Nf3 Nc6 21. g4 Rac8
22. g5 hxg5 23. Nxg5 Qa6 24. b3 Nb4 25. Re3 Rc6 26. Qg4 Qc8 27. h6 g6 28. h7+
Kg7 29. Nxf7 Kxf7 30. Rg3 g5 31. Bxg5 Rc3 32. Qh5+ Kg7 33. Bf6+ 1-0

[Event "31st ECC Women 2015"]
[Site "Skopje MKD"]
[Date "2015.10.21"]
[Round "4.1"]
[Board "4"]
[White "Kovanova, Baira"]
[Black "Batsiashvili, Nino"]
[Result "1/2-1/2"]
[WhiteTitle "WGM"]
[BlackTitle "IM"]
[WhiteElo "2376"]
[BlackElo "2500"]
[WhiteTeam "UGRA (RUS)"]
[BlackTeam "NONA (GEO)"]
[WhiteFideId "4164083"]
[BlackFideId "13602993"]
[EventDate "2015.10.18"]

1. Nf3 d5 2. g3 Nf6 3. Bg2 c5 4. O-O Nc6 5. d4 e6 6. c4 Be7 7. cxd5 exd5 8. dxc5
Bxc5 9. a3 Ne4 10. b4 Be7 11. Bb2 Bf6 12. Qb3 Be6 13. Nbd2 O-O 14. Bxf6 Qxf6 15.
Qd3 Nc3 16. Rac1 d4 17. Ne4 Nxe4 18. Qxe4 Rad8 19. Rc5 h6 20. Ne5 Nxe5 21. Rxe5
b6 22. f4 Rd6 23. Rc1 Rfd8 24. Qd3 g6 25. Be4 Kg7 26. Rc7 R8d7 27. Rc8 Rd8 28.
Rc7 R8d7 29. Rc8 Rd8 30. Rc7 R8d7 1/2-1/2

[Event "31st ECC Women 2015"]
[Site "Skopje MKD"]
[Date "2015.10.21"]
[Round "4.2"]
[Board "2"]
[White "Goryachkina, Aleksandra"]
[Black "De Jong-Muhren, Bianca"]
[Result "1/2-1/2"]
[WhiteTitle "WGM"]
[BlackTitle "WGM"]
[WhiteElo "2480"]
[BlackElo "2300"]
[WhiteTeam "GAMBIT ASSEKO SEE (MKD)"]
[BlackTeam "DE STUKKENJAGERS (NED)"]
[WhiteFideId "4147103"]
[BlackFideId "1008498"]
[EventDate "2015.10.18"]

1. d4 d5 2. c4 dxc4 3. Nf3 Nf6 4. e3 e6 5. Bxc4 a6 6. O-O b5 7. Bd3 Bb7 8. a4 b4
9. Nbd2 Nbd7 10. Qe2 c5 11. e4 cxd4 12. e5 Nd5 13. Nb3 Nc5 14. Nxc5 Bxc5 15. Bd2
Qc7 16. Rac1 Nc3 17. bxc3 dxc3 18. Be3 Bxf3 19. Qxf3 O-O 20. Rfe1 a5 21. Qe4 g6
22. Qc4 Rac8 23. Qxc5 Qxc5 24. Bxc5 Rxc5 25. Bc2 Rd8 26. Kf1 Rd2 27. Re3 Kg7 28.
h4 h5 29. g3 Kh6 30. Ke1 Kg7 31. Kf1 Kh6 32. Ke1 Kg7 33. Kf1 1/2-1/2

[Event "31st ECC Women 2015"]
[Site "Skopje MKD"]
[Date "2015.10.21"]
[Round "4.2"]
[Board "4"]
[White "Saduakassova, Dinara"]
[Black "Jap Tjoen San, Linda"]
[Result "1-0"]
[WhiteTitle "WGM"]
[BlackTitle "WIM"]
[WhiteElo "2402"]
[BlackElo "2183"]
[WhiteTeam "GAMBIT ASSEKO SEE (MKD)"]
[BlackTeam "DE STUKKENJAGERS (NED)"]
[WhiteFideId "13700090"]
[BlackFideId "1004026"]
[EventDate "2015.10.18"]

1. d4 Nf6 2. c4 e6 3. Nf3 d5 4. Nc3 Be7 5. Bf4 O-O 6. e3 Nbd7 7. Qc2 c5 8. Rd1
cxd4 9. Rxd4 Qa5 10. Bg3 b5 11. cxb5 Bb7 12. Ne5 Rfc8 13. Be2 Bb4 14. O-O Bxc3
15. bxc3 Qxc3 16. Qb1 Qc2 17. Nxd7 Nxd7 18. Bd3 Qxb1 19. Rxb1 Rc3 20. Bf1 e5 21.
Rd3 Rxd3 22. Bxd3 g6 23. f3 Kf8 24. Be1 Ke7 25. Rb3 Ke6 26. Ra3 Nb6 27. Kf2 f5
28. Bb4 Nc4 29. Rc3 Rc8 30. Ke2 a6 31. a4 axb5 32. axb5 Nb6 33. Rxc8 Nxc8 34.
Kd2 Kd7 35. Kc3 Kc7 36. Bf8 Nb6 37. Kb4 Nd7 38. Be7 Bc8 39. h4 Bb7 40. Ka5 h5
41. Bc2 d4 42. exd4 exd4 43. Kb4 Bd5 44. Bc5 Nxc5 45. Kxc5 Bb7 46. Kxd4 Kd6 47.
Bb3 1-0

[Event "31st ECC Women 2015"]
[Site "Skopje MKD"]
[Date "2015.10.21"]
[Round "4.3"]
[Board "3"]
[White "Belenkaya, Dina"]
[Black "Kovalevskaya, Ekaterina"]
[Result "0-1"]
[WhiteTitle "WFM"]
[BlackTitle "IM"]
[WhiteElo "2352"]
[BlackElo "2462"]
[WhiteTeam "SPB (RUS)"]
[BlackTeam "SHSM LEGACY SQUARE (RUS)"]
[WhiteFideId "24142654"]
[BlackFideId "4116704"]
[EventDate "2015.10.18"]

1. e4 c5 2. Nf3 Nc6 3. Bb5 e6 4. O-O Nge7 5. Re1 a6 6. Bf1 d5 7. exd5 Nxd5 8. d4
Nf6 9. Be3 Be7 10. dxc5 Qxd1 11. Rxd1 Ng4 12. Bf4 Bxc5 13. Bg3 O-O 14. Nc3 f5
15. h3 f4 16. Bh4 Nf6 17. Bxf6 gxf6 18. Ne4 Be7 19. c4 e5 20. c5 Be6 21. Nd6
Rab8 22. Nd2 Rfd8 23. N2c4 Nd4 24. b4 b5 25. Nd2 Bxd6 26. cxd6 Bd5 27. a4 Rxd6
28. axb5 axb5 29. Ra5 f3 30. g3 Ne2+ 31. Bxe2 fxe2 32. Re1 Bc4 33. Nxc4 Rd1 34.
Ra1 Rxa1 35. Rxa1 bxc4 36. Re1 Rxb4 37. Rxe2 Kf7 38. Rd2 Ke6 39. Rd8 Rb5 40. Kf1
Rc5 41. Re8+ Kd7 42. Ra8 c3 43. Ra1 Kc6 44. Ke2 Kd5 45. Kd3 c2 46. Rc1 f5 47. g4
fxg4 48. hxg4 e4+ 49. Kd2 Ke5 50. Ke3 h6 51. Kd2 Kf4 52. Ke2 Rc6 53. Kd2 Kf3 54.
Ke1 e3 55. Kf1 e2+ 56. Ke1 Rd6 0-1

[Event "31st ECC Women 2015"]
[Site "Skopje MKD"]
[Date "2015.10.21"]
[Round "4.3"]
[Board "4"]
[White "Kashlinskaya, Alina"]
[Black "Balaian, Alina"]
[Result "1/2-1/2"]
[WhiteTitle "IM"]
[BlackTitle "WIM"]
[WhiteElo "2448"]
[BlackElo "2269"]
[WhiteTeam "SHSM LEGACY SQUARE (RUS)"]
[BlackTeam "SPB (RUS)"]
[WhiteFideId "4198026"]
[BlackFideId "24115347"]
[EventDate "2015.10.18"]

1. d4 Nf6 2. c4 g6 3. Nf3 Bg7 4. g3 d5 5. cxd5 Nxd5 6. Bg2 Nb6 7. Nc3 O-O 8. O-O
Nc6 9. e3 Re8 10. a3 a5 11. d5 Bxc3 12. dxc6 Bg7 13. Nd4 Rb8 14. Bd2 e5 15. Nb3
Nc4 16. Bxa5 Nxa5 17. Nxa5 b6 18. Nc4 Ba6 19. Qc2 Qe7 20. Rfd1 e4 21. Bh3 Qc5
22. Rac1 Qxc4 23. Qxc4 Bxc4 24. Rxc4 Bxb2 25. a4 Re7 26. Rd7 Rbe8 27. g4 Kg7 28.
Bg2 f5 29. Bh3 Kf6 30. Rb4 Be5 31. Bf1 h5 32. gxh5 gxh5 33. Bc4 Ra8 34. h3 Bd6
35. Rxd6+ cxd6 36. Bb3 Ra6 37. Rd4 Rg7+ 38. Kf1 Ke7 39. Rb4 Kd8 40. Bc4 Ra8 41.
Rxb6 Rga7 42. Rb5 Rxa4 43. Rxf5 R8a7 44. Bd5 Rh7 45. Rf8+ Kc7 46. Re8 Rg7 47.
Bxe4 Ra1+ 48. Ke2 Ra2+ 49. Kf3 Ra5 50. Re6 d5 51. Bg6 h4 52. Be8 Ra2 53. Re5 Kd6
54. Rh5 Re7 55. Rh8 Re6 56. Bd7 Rf6+ 57. Kg4 Raxf2 58. Kxh4 Rg2 59. Kh5 Rg3 60.
Re8 Rf7 61. Kh6 Rf6+ 62. Kh5 Rf7 63. Kh6 Rf6+ 1/2-1/2